[Event "Oberbayern Bezirksliga 1617"]
[Site "Germany"]
[Date "2017.04.30"]
[Round "9.7"]
[White "Heimann, Helmut"]
[Black "Baron, Marek"]
[Result "0-1"]
[WhiteElo "1964"]
[BlackElo "1906"]
[PlyCount "104"]
[EventDate "2016.10.16"]
[EventType "team-tourn"]
[EventRounds "9"]
[EventCountry "GER"]
[SourceTitle "EXT 2019"]
[Source "ChessBase"]
[SourceDate "2018.10.10"]
[SourceVersion "1"]
[SourceVersionDate "2018.10.10"]
[SourceQuality "1"]
[WhiteTeam "Fuerstenfeldbruck"]
[BlackTeam "Waldkraiburg"]
[WhiteTeamCountry "GER"]
[BlackTeamCountry "GER"]

1. e4 c6 2. d4 d5 3. e5 Bf5 4. Bd3 Bxd3 5. Qxd3 e6 6. Ne2 Nd7 7. 0-0 g6 8. Nd2 Ne7 9. Ng3 c5 10. c3 cxd4 11. cxd4 Nc6 12. a3 Bg7 13. Nf3 Qb6 14. b4 h6 15. Be3 Qd8 16. Rac1 Nb6 17. h4 Nc4 18. h5 g5 19. Nd2 b5 20. f4 gxf4 21. Rxf4 Rc8 22. Rcf1 Rc7 23. Nf3 Re7 24. Rg4 Bf8 25. Nh4 Qd7 26. Rf6 Kd8 27. Bc1 Qc7 28. Ne2 N6xe5 29. dxe5 Nxe5 30. Qd4 Nxg4 31. Qxg4 Qe5 32. Rf1 Qg7 33. Qf3 Rg8 34. Be3 Qg4 35. Qxg4 Rxg4 36. Nf3 Re4 37. Kf2 Rc7 38. Ned4 a6 39. Ke2 Rc3 40. Kd2 Rexe3 41. Ne5 Rxa3 42. Ndc6+ Ke8 43. Ng4 Red3+ 44. Ke2 Bg7 45. Rxf7 Rdb3 46. Re7+ Kf8 47. Kf2 Rxb4 48. Rxe6 Rxg4 49. Rd6 Bd4+ 50. Kf1 Rf4+ 51. Ke1 Ra1+ 52. Ke2 Rf2+ 0-1

[Event "Regionalliga SO 0304"]
[Site "Bayern"]
[Date "2004.03.07"]
[Round "7.7"]
[White "Heimann, Helmut"]
[Black "Schrader, Jan Erik"]
[Result "0-1"]
[WhiteElo "1961"]
[BlackElo "2062"]
[PlyCount "97"]
[EventDate "2003.10.??"]
[EventType "team"]
[EventRounds "9"]
[EventCountry "GER"]
[SourceTitle "EXT 2006"]
[Source "ChessBase"]
[SourceDate "2005.11.24"]
[SourceVersion "1"]
[SourceVersionDate "2005.11.24"]
[SourceQuality "1"]
[WhiteTeam "Fuerstenfeldbruck"]
[BlackTeam "Groebenzell"]
[WhiteTeamCountry "GER"]
[BlackTeamCountry "GER"]

1. e4 e6 2. d4 d5 3. e5 c5 4. c3 Nc6 5. Nf3 Qb6 6. a3 Bd7 7. b4 cxd4 8. cxd4 Rc8 9. Be3 Nh6 10. Bd3 Nf5 11. 0-0 Be7 12. Nbd2 Nxe3 13. fxe3 0-0 14. Nb3 Qd8 15. Rc1 f6 16. exf6 Bxf6 17. Nc5 Rb8 18. Bb1 g6 19. Qd2 Bc8 20. Rf2 Qe7 21. Rcf1 b6 22. Nd3 Ba6 23. Qb2 Bc4 24. Re1 Bg7 25. Qc3 Rbc8 26. Qd2 Rcd8 27. Nb2 b5 28. Bd3 e5 29. e4 Nxd4 30. Nxd4 Rxf2 31. Qxf2 exd4 32. exd5 Qc7 33. Qc2 Rc8 34. Be4 Kh8 35. Bf3 Qd7 36. Qd1 h5 37. Be4 Bxd5 38. Bxg6 Qg4 39. Qxg4 hxg4 40. Bf5 Rd8 41. Bxg4 Bc4 42. Nd1 d3 43. Re7 Bd4+ 44. Kh1 Bb3 45. h3 Rf8 46. Ne3 d2 47. Bd1 Bxd1 48. Nxd1 Rf1+ 49. Kh2 0-1

[Event "Regionalliga SO 9899"]
[Site "Bayern"]
[Date "1999.??.??"]
[Round "7.8"]
[White "Jurasic, Marinko"]
[Black "Heimann, Helmut"]
[Result "0-1"]
[WhiteElo "1800"]
[BlackElo "1975"]
[PlyCount "120"]
[EventDate "1998.??.??"]
[EventType "team-tourn"]
[EventRounds "9"]
[EventCountry "GER"]
[SourceTitle "EXT 2020"]
[Source "ChessBase"]
[SourceDate "2019.10.17"]
[SourceVersion "1"]
[SourceVersionDate "2019.10.17"]
[SourceQuality "1"]
[WhiteTeam "Straubing PSV"]
[BlackTeam "Fuerstenfeldbruck TuS"]
[WhiteTeamCountry "GER"]
[BlackTeamCountry "GER"]

1. b3 d5 2. Bb2 Bf5 3. e3 e6 4. Nf3 Nf6 5. Be2 Nc6 6. 0-0 Be7 7. a3 0-0 8. d4 Re8 9. Nbd2 Bf8 10. Rc1 Ne7 11. Ne5 Ng6 12. Ndf3 Nd7 13. c4 Ndxe5 14. Nxe5 Nxe5 15. dxe5 dxc4 16. Bxc4 c6 17. h3 Qg5 18. Qf3 Qg6 19. Rfe1 Be4 20. Qg4 Qxg4 21. hxg4 Red8 22. Red1 Be7 23. Kf1 Kf8 24. f3 Bd5 25. Ke2 Bxc4+ 26. Rxc4 Rxd1 27. Kxd1 Rd8+ 28. Ke2 Ke8 29. Rc1 Kd7 30. Rh1 Rh8 31. Kd3 Kc7 32. Kc4 b5+ 33. Kd3 Rd8+ 34. Ke2 h6 35. Rd1 Rxd1 36. Kxd1 c5 37. Kc2 Kc6 38. e4 Bg5 39. Kd3 Bf4 40. a4 Bg3 41. Bc3 a6 42. Ke3 Kd7 43. f4 Bh2 44. f5 Bg1+ 45. Kd3 Kc6 46. Bd2 Bd4 47. Bc3 Bxc3 48. Kxc3 Kb6 49. Kd3 c4+ 50. Kc3 cxb3 51. axb5 axb5 52. Kxb3 Kc5 53. Kc3 b4+ 54. Kb3 Kd4 55. Kxb4 Kxe4 56. Kc4 Kxe5 57. Kd3 Kf4 58. Ke2 e5 59. Kf2 Kxg4 60. f6 g6 0-1

[Event "Regionalliga SO 9899"]
[Site "Bayern"]
[Date "1999.??.??"]
[Round "5.8"]
[White "Kopic, Branko"]
[Black "Heimann, Helmut"]
[Result "0-1"]
[WhiteElo "1975"]
[BlackElo "1975"]
[PlyCount "92"]
[EventDate "1998.??.??"]
[EventType "team-tourn"]
[EventRounds "9"]
[EventCountry "GER"]
[SourceTitle "EXT 2020"]
[Source "ChessBase"]
[SourceDate "2019.10.17"]
[SourceVersion "1"]
[SourceVersionDate "2019.10.17"]
[SourceQuality "1"]
[WhiteTeam "Pang/Rosenheim II"]
[BlackTeam "Fuerstenfeldbruck TuS"]
[WhiteTeamCountry "GER"]
[BlackTeamCountry "GER"]

1. b3 e5 2. Bb2 Nc6 3. e3 Nf6 4. Bb5 d6 5. c4 Bd7 6. Nf3 Be7 7. d4 exd4 8. exd4 d5 9. 0-0 0-0 10. h3 Be6 11. Bxc6 bxc6 12. Ne5 c5 13. Nc6 Qd7 14. Nxe7+ Qxe7 15. Ba3 Nd7 16. dxc5 Qf6 17. Nd2 c6 18. cxd5 Bxd5 19. Qc2 Rfe8 20. Rfe1 Qg5 21. f3 Ne5 22. Kh1 Re6 23. Bb2 Rae8 24. Bxe5 Rxe5 25. Rxe5 Rxe5 26. Nf1 Qf6 27. Qf2 Qe7 28. Qd4 g6 29. Kg1 h5 30. h4 Re2 31. Ng3 Rc2 32. b4 Rc4 33. Qb2 Qxh4 34. Nf1 Rxb4 35. Qe2 Rc4 36. Qe8+ Kh7 37. Rb1 Rc2 38. Qe3 Rxa2 39. Re1 Qf6 40. Re2 Rxe2 41. Qxe2 Qd4+ 42. Qe3 Qa1 43. Kf2 a5 44. Qe7 a4 45. Ne3 Qd4 46. Qa7 Qd2+ 0-1